1281 1150 1123 1301 1996 1156 1094 1517 1536 1425 1776 1890 1359 1500 1376 1295 1951 1730 1199 1932 1831 1438 1322 1655 1116 1254 1864 1484 1173 1194 1514 1207 1936 1538 1969 1329 1557 1725 1724 1738 1459 1732 1135 1545 1198 1858 1229 1176 1003 1300 1183 1771 1397 1619 1875 1961 1348 1656 1907 1792 1941 1818 1715 1334 1708 1689 1263 1631 1956 1781 1606 1164 1433 1437 1021 1446 1878 1131 1258 1309 1100 1858 1458 1024 1738 1244 1547 1298 1229 1320 1965 1213 1030 1434 1811 1256 1742 1275 1603 BCNSPRNW ULIB Ver.6.0+V

เปลี่ยนเป็นภาษาไทย

Change to English
 แสดงรายละเอียดบรรณานุกรม
  กลับหน้าหลัก

Brief Record : Get Marc (ISO 2709) : E-mail record : QR code < ปิดหน้าต่าง
LEADER : 00000nam 2200000uu 4500
001    13399124001
003     ULIB
008    141219s||||||||th 000 0 tha d
020    ^a9789742035655
060 04 ^aW825^bธ699ก
100 0  ^aธีสุทธิ์ พันธ์ฤทธิ์
245 10 ^aการชันสูตรพลิกศพและการวิสามัญฆาตกรรม /^cธีสุทธิ์ พันธ์ฤทธิ์
250    ^aพิมพ์ครั้งที่ 2.
260    ^aกรุงเทพฯ :^bนิติกรรม ,^c2556.
300    ^a204 หน้า :^bภาพประกอบ ;^c21 ซม.
650  4 ^aการชันสูตรพลิกศพ
650  4 ^aการตรวจศพ
650  4 ^aนิติเวชศาสตร์
650  2 ^aForensic Medicine.
650  2 ^aAutopsy.
650  7 ^aวิธีพิจรานาความอาญา
700 0  ^aคณิต ณ นคร,^eที่ปรึกษา
710 2  ^aสำนักพิมพ์นิติกรรม
945    ^p195^l0^i037607
945    ^p195^l0^i037608
945    ^p195^l0^i037609
999    ^aเกษร โพธิ์สุวรรณ
รายการนี้ยังไม่มีแท็ก
คุณยังไม่ได้ล็อกอิน คุณสามารถมีกิจกรรมร่วมกับเว็บไซต์ได้ แต่ต้องล็อกอินก่อน ::
  ล็อกอิน

รายการสื่อสารสนเทศ

ลำดับที่ ประเภท เลขเรียก/บาร์โค้ด สถานที่ สถานะ
1. วิทยาศาสตร์การแพทย์ และสุขภาพ
หนังสือสำรอง
สถานะ=หนังสือสำรอง
W825 ธ699ก ฉ.1 
  Barcode: 037607
ห้องสมุดวิทยาเขตสวรรค์ประชารักษ์
►ส่วนจัดเก็บหนังสือเก่า สปร
บนชั้น
  ขอยืม
2. วิทยาศาสตร์การแพทย์ และสุขภาพ
วิทยาศาสตร์การแพทย์ และสุขภาพ
W825 ธ699ก ฉ.2 
  Barcode: 037608
ห้องสมุดวิทยาเขตสวรรค์ประชารักษ์
►ส่วนจัดเก็บหนังสือเก่า สปร
บนชั้น
  ขอยืม
3. วิทยาศาสตร์การแพทย์ และสุขภาพ
วิทยาศาสตร์การแพทย์ และสุขภาพ
W825 ธ699ก ฉ.3 
  Barcode: 037609
ห้องสมุดวิทยาเขตสวรรค์ประชารักษ์
►ส่วนจัดเก็บหนังสือเก่า สปร
บนชั้น
  ขอยืม

รายการใกล้เคียง
    ผู้แต่ง [ธีสุทธิ์ พันธ์ฤทธิ์]

    หัวเรื่อง [การชันสูตรพลิกศพ]
    หัวเรื่อง [การตรวจศพ]
    หัวเรื่อง [นิติเวชศาสตร์]
    หัวเรื่อง [Forensic Medicine.]
    หัวเรื่อง [Autopsy.]
    หัวเรื่อง [วิธีพิจรานาความอาญา]

BibComment


ยังไม่เคยถูกคอมเมนท์

คอมเมนท์ทรัพยากรรายการนี้
  คอมเมนท์: การชันสูตรพลิกศพ..


 Copyright 2026. Bcnsprnw @Library